| 000 | 003150000a22000970004500 | ||
|---|---|---|---|
| 100 | 1 | _aMacLeod, James Lachlan | |
| 245 | 1 | 0 | _aThe second disruption : The origins of the free Presbyterian church 1893 |
| 300 | _aVol. 16, Num. 1 (1998), Páginas 5-18 | ||
| 773 | 0 | _tScottish Bulletin of Evangelical Theology | |
| 942 | _cANA | ||
| 999 |
_c55744 _d55744 |
||